Gwen Verdon as Sweet Charity (Record no. 1888)
[ view plain ]
| 000 -LEADER | |
|---|---|
| fixed length control field | 02969cjm a2200625 a 4500 |
| 001 - CONTROL NUMBER | |
| control field | data |
| 005 - DATE AND TIME OF LATEST TRANSACTION | |
| control field | 20260322212123.0 |
| 007 - PHYSICAL DESCRIPTION FIXED FIELD--GENERAL INFORMATION | |
| fixed length control field | data |
| 008 - FIXED-LENGTH DATA ELEMENTS--GENERAL INFORMATION | |
| fixed length control field | data |
| 035 ## - SYSTEM CONTROL NUMBER | |
| System control number | 14903438 |
| 010 ## - LIBRARY OF CONGRESS CONTROL NUMBER | |
| LC control number | 2007568818 |
| 024 1# - OTHER STANDARD IDENTIFIER | |
| Standard number or code | 074640290022 |
| 028 02 - PUBLISHER OR DISTRIBUTOR NUMBER | |
| Publisher or distributor number | CK 2900 |
| Source | Columbia |
| 028 00 - PUBLISHER OR DISTRIBUTOR NUMBER | |
| Publisher or distributor number | 2900 |
| Source | Columbia |
| 035 ## - SYSTEM CONTROL NUMBER | |
| System control number | (OCoLC)15257453 |
| 040 ## - CATALOGING SOURCE | |
| Original cataloging agency | XWE |
| Language of cataloging | eng |
| Transcribing agency | XWE |
| Modifying agency | DLC |
| -- | ORX |
| -- | OCLCG |
| -- | WIM |
| -- | SXC |
| -- | OCLCQ |
| -- | OCLCF |
| -- | VRA |
| -- | OCLCQ |
| -- | DLC |
| 042 ## - AUTHENTICATION CODE | |
| Authentication code | lccopycat |
| 045 0# - TIME PERIOD OF CONTENT | |
| Formatted 9999 B.C. through C.E. time period | d1966 |
| 050 00 - LIBRARY OF CONGRESS CALL NUMBER | |
| Classification number | SDB 62296 |
| 082 04 - DEWEY DECIMAL CLASSIFICATION NUMBER | |
| Classification number | 782.81 |
| 100 1# - MAIN ENTRY--PERSONAL NAME | |
| Personal name | Coleman, Cy. |
| 240 10 - UNIFORM TITLE | |
| Uniform title | Sweet Charity |
| 245 10 - TITLE STATEMENT | |
| Title | Gwen Verdon as Sweet Charity |
| Medium | [sound recording] / |
| Statement of responsibility, etc. | [book by Neil Simon ; music by Cy Coleman ; lyrics by Dorothy Fields ; based upon an original screenplay by Federico Fellini, Tullio Pinelli and Ennio Flaiano ; conceived, staged and choreographed by Bob Fosse]. |
| 246 30 - VARYING FORM OF TITLE | |
| Title proper/short title | Sweet Charity |
| 260 ## - PUBLICATION, DISTRIBUTION, ETC. | |
| Place of publication, distribution, etc. | New York, NY : |
| Name of publisher, distributor, etc. | Columbia, |
| Date of publication, distribution, etc. | [1986?] |
| 300 ## - PHYSICAL DESCRIPTION | |
| Extent | 1 sound disc (52 min.) : |
| Other physical details | digital ; |
| Dimensions | 4 3/4 in. |
| 306 ## - PLAYING TIME | |
| Playing time | 005200 |
| 336 ## - CONTENT TYPE | |
| Content type term | performed music |
| Content type code | prm |
| Source | rdacontent |
| 337 ## - MEDIA TYPE | |
| Media type term | audio |
| Media type code | s |
| Source | rdamedia |
| 338 ## - CARRIER TYPE | |
| Carrier type term | audio disc |
| Carrier type code | sd |
| Source | rdacarrier |
| 500 ## - GENERAL NOTE | |
| General note | Musical comedy. |
| 500 ## - GENERAL NOTE | |
| General note | Compact disc. |
| 500 ## - GENERAL NOTE | |
| General note | Analog recording. |
| 500 ## - GENERAL NOTE | |
| General note | Program and biographical notes by C. Burr in container. |
| 505 00 - FORMATTED CONTENTS NOTE | |
| Title | Finale |
| Miscellaneous information | (1:21). |
| Title | You should see yourself |
| Miscellaneous information | (2:22) -- |
| Title | Big spender |
| Miscellaneous information | (3:35) -- |
| Title | Charity's soliloquy |
| Miscellaneous information | (4:16) -- |
| Title | Rich man's frug |
| Miscellaneous information | (1:41) -- |
| Title | If my friends could see me now |
| Miscellaneous information | (3:27) -- |
| Title | Too many tomorrows |
| Miscellaneous information | (3:04) -- |
| Title | There's gotta be something better than this |
| Miscellaneous information | (4:51) -- |
| Title | Charity's theme |
| Miscellaneous information | (1:26) -- |
| Title | I'm the bravest individual |
| Miscellaneous information | (2:18) -- |
| Title | The rhythm of life |
| Miscellaneous information | (3:56) -- |
| Title | Baby dream your dream |
| Miscellaneous information | (3:42) -- |
| Title | Sweet Charity |
| Miscellaneous information | (2:42) -- |
| Title | Where am I going? |
| Miscellaneous information | (3:18) -- |
| Title | I love to cry at weddings |
| Miscellaneous information | (3:08) -- |
| Title | I'm a brass band |
| Miscellaneous information | (2:43) -- |
| Title | Finale |
| Miscellaneous information | (1:21). |
| 508 ## - CREATION/PRODUCTION CREDITS NOTE | |
| Creation/production credits note | Based on an original screenplay (The nights of Cabiria) by Federico Fellini, Tullio Pinelli and Ennio Flaiano ; conceived, staged and choreographed by Bob Fosse. |
| 511 0# - PARTICIPANT OR PERFORMER NOTE | |
| Participant or performer note | Original Broadway cast, starring Gwen Verdon, John McMartin, and Helen Gallagher ; with orchestra ; Fred Werner, conductor. |
| 650 #0 - SUBJECT ADDED ENTRY--TOPICAL TERM | |
| Topical term or geographic name entry element | Musicals. |
| 650 #7 - SUBJECT ADDED ENTRY--TOPICAL TERM | |
| Topical term or geographic name entry element | Musicals. |
| Source of heading or term | fast |
| Authority record control number or standard number | (OCoLC)fst01030814 |
| 655 #7 - INDEX TERM--GENRE/FORM | |
| Genre/form data or focus term | Musicals. |
| Source of term | lcgft |
| 700 1# - ADDED ENTRY--PERSONAL NAME | |
| Personal name | Simon, Neil. |
| Relationship | lbt |
| 700 1# - ADDED ENTRY--PERSONAL NAME | |
| Personal name | Fields, Dorothy, |
| Dates associated with a name | 1905-1974. |
| Relationship | lyr |
| 700 1# - ADDED ENTRY--PERSONAL NAME | |
| Personal name | Fosse, Bob, |
| Dates associated with a name | 1927-1987. |
| 700 1# - ADDED ENTRY--PERSONAL NAME | |
| Personal name | Verdon, Gwen. |
| Relationship | prf |
| 700 1# - ADDED ENTRY--PERSONAL NAME | |
| Personal name | McMartin, John. |
| Relationship | prf |
| 700 1# - ADDED ENTRY--PERSONAL NAME | |
| Personal name | Gallagher, Helen, |
| Dates associated with a name | 1926- |
| Relationship | prf |
| 700 1# - ADDED ENTRY--PERSONAL NAME | |
| Personal name | Werner, Fred. |
| Relationship | cnd |
| 730 0# - ADDED ENTRY--UNIFORM TITLE | |
| Uniform title | Notti di Cabiria (Motion picture) |
| 906 ## - LOCAL DATA ELEMENT F, LDF (RLIN) | |
| a | 7 |
| b | cbc |
| c | copycat |
| d | 2 |
| e | ncip |
| f | 20 |
| g | y-soundrec |
| 925 0# - | |
| -- | acquire |
| -- | 2 shelf copies |
| -- | policy default |
| 925 0# - | |
| -- | acquire |
| -- | 2 copies |
| -- | policy default |
| 985 ## - | |
| -- | MBRS |
| -- | AMGrec |
| Withdrawn status | Lost status | Damaged status | Not for loan | Home library | Current library | Shelving location | Date acquired | Total checkouts | Full call number | Barcode | Date last seen | Price effective from | Koha item type |
|---|---|---|---|---|---|---|---|---|---|---|---|---|---|
| Troy | Troy | General stacks | 22/03/2026 | 782.81 | LOC-TPL-00020 | 22/03/2026 | 22/03/2026 | Books |